000 00816nam a22002055i 4500
001 48696
003 ES-MaACL
005 20230906161813.0
007 t|
008 950731s1893 sp ||||1| spa d
040 _aCAM
_bspa
_cCAM
100 1 _aDíaz de la Quintana, Alberto.
_944234
245 1 0 _aContribución al estudio de la neurastenia
_b: memoria reglamentaria para optar al titulo de doctor en medicina y cirugía /
_cpor Alberto Diaz de la Quintana y Sanchez-Remón.
260 _aMadrid :
_b[s.n.],
_c1893 (
_fLa Nacional, imp. a cargo de J. Cayetano García)
300 _a29. ;
_c25 cm.
530 _aDisponible en formato digital.
650 4 _aNeurastenia.
_9138915
852 _aES-MaACL
_jT-687-F-6
856 _uhttp://bdh-rd.bne.es/viewer.vm?id=0000106988&page=1
_zBiblioteca Digital Hispánica
999 _c48696
_d48696